000 01021nam a2200289I 4500
999 _c47347
_d47347
001 1879274
005 20190806133909.0
008 901217s1957 cauf 000 0 eng
010 _a59046606
035 _a0163-97660
035 _a0163-97660
040 _aWaU
_cFQG
_dm.c.
_dTWU
049 9 9 _aTWU1 [97755] [Theology]
100 1 _aCallinikos, Constantine.
245 1 4 _aThe history of the orthodox church :
_ba brief sketch of the one holy orthodox Catholic and apostolic church /
_cby Constantine Callinikos; translated by Katherine Natzio; with an introduction by Archbishop of Thyateira, Germanos.
250 _aRev. ed.
260 _aLos Angeles, Cal. :
_bProthymos Press,
_c1957.
300 _axiv, 146 p. :
_bfront. ;
_c20 cm.
336 _2text
337 _2unmediated
338 _2volume
610 2 0 _aOrthodox Eastern Church
_xHistory.
650 _2Catholic church
_xHistory.
700 _aNatzio, Katherine.
_eTranslator.
700 _aThyateira, Germanos, Archbishop of.
942 _2lcc
_cBK